| 000 | 00561 a2200181 4500 | ||
|---|---|---|---|
| 999 |
_c4333 _d4333 |
||
| 010 | _aENG-86244 | ||
| 020 |
_a9788120329850 _c475.00 |
||
| 035 | _aEN-69777 | ||
| 037 | _bDBAD / PUB | ||
| 082 | 1 | 4 | _a344.01 |
| 100 | _aPadhi, P.K. | ||
| 245 | 1 |
_aLabour and industrial laws : _cby P.K. Padhi _btext and cases / |
|
| 260 |
_aNew Delhi _bPrentice-Hall of India _c2007 |
||
| 270 |
_aM-97, Connaught Circus _bNew Delhi _cNew Delhi _e110 001 |
||
| 300 |
_axliv, 884p. _c23cm. (Pbk) |
||
| 500 | _aIncludes index | ||
| 942 |
_adpl _cEN _2ddc _h344.01 _mPAD |
||